000 00708nam a2200229 a 4500
001 4381733
005 20180823082952.0
008 910214s1992 iaua b 001 0 eng
010 _a 91070853
020 _a0697097161
040 _aDLC
_cDLC
041 _aeng
080 _a612
082 0 0 _a612
_220
100 1 _a7
101 _aANA
245 1 0 _aConcepts of human anatomy and physiology /
_cKent M. Van De Graff, Stuart Ira Fox.
504 _aIncludes bibliographical references (p. 889-893) and index.
906 _a7
_bcbc
_corignew
_d2
_eopcn
_f19
_gy-gencatlg
942 _2ddc
_cBK
999 _c47286
_d47286